000 00387nam a2200169Ia 4500
005 20250423094543.0
008 250422s9999 xx 000 0 und d
020 _a978-8128-68-8
050 _aKP 103 .A5/
100 _aAkinola, O. B.
245 0 _aBasic principles of Town Planing Law
260 _aKwara
260 _bOasis pub
260 _c2011
300 _a7 p
942 _cBK
999 _c27588
_d27588